| 000 | 00808nam a2200169 a 4500 | ||
|---|---|---|---|
| 008 | 120416s1984 ||||||||||||||||| || u | ||
| 050 | _aHF 5415.3 Hor | ||
| 100 | _aHorton, Raymond L | ||
| 245 | 1 | 0 | _aBuyer behaviour |
| 246 | _aa decision making approach | ||
| 260 |
_aColumbus _bMerrill _c1984 |
||
| 300 | _ax, 517p. : ill. | ||
| 350 | _a0.00 | ||
| 995 |
_aBINDERY (DAMAGED) _D0.00 _e709235 _FCBU-MAIN LIBRARY (Kitwe) _H3 _I32.45 _jHF 5415.3 Hor _M3 _UDAMAGED _y709235 _ZMain Library Open Access Collection |
||
| 995 |
_aBINDERY (DAMAGED) _D0.00 _e724829 _FCBU-MAIN LIBRARY (Kitwe) _H1 _I32.45 _jHF 5415.3 Hor _M1 _UDAMAGED _y005708 _ZMain Library Open Access Collection |
||
| 995 |
_aBINDERY (DAMAGED) _D0.00 _e709234 _FCBU-MAIN LIBRARY (Kitwe) _H2 _I32.45 _jHF 5415.3 Hor _M2 _UDAMAGED _y709234 _ZMain Library Open Access Collection |
||
| 999 |
_c77969 _d77969 |
||